|
|
|
|
| LEADER |
00000nam0a2200000 4500 |
| 001 |
278968 |
| 005 |
20231101235150.0 |
| 035 |
|
|
|a (RuTPU)RU\TPU\book\302246
|
| 035 |
|
|
|a RU\TPU\book\274089
|
| 090 |
|
|
|a 278968
|
| 100 |
|
|
|a 20141216d1986 k y0rusy50 ca
|
| 101 |
0 |
|
|a rus
|
| 102 |
|
|
|a RU
|
| 105 |
|
|
|a a z 001zy
|
| 200 |
1 |
|
|a Эндогенные рудные формации Сибири и проблемы рудообразования
|e сборник
|f Академия наук СССР (АН СССР), Сибирское отделение (СО), Институт геологии и геофизики (ИГиГ) ; под ред. Г. В. Полякова
|
| 210 |
|
|
|a Новосибирск
|c Наука
|d 1986
|
| 215 |
|
|
|a 200 с.
|c ил.
|
| 225 |
1 |
|
|a Труды института геологии и геофизики СО АН СССР
|h Вып. 662
|
| 320 |
|
|
|a Библиогр. в конце ст.
|
| 606 |
1 |
|
|a Рудные формации
|x Моделирование
|2 stltpush
|3 (RuTPU)RU\TPU\subj\26033
|9 50050
|
| 610 |
1 |
|
|a эндогенные рудные месторождения
|
| 610 |
1 |
|
|a Сибирь
|
| 610 |
1 |
|
|a рудообразование
|
| 610 |
1 |
|
|a глубинное строение
|
| 610 |
1 |
|
|a магматические комплексы
|
| 610 |
1 |
|
|a зональность
|
| 610 |
1 |
|
|a петрология
|
| 675 |
|
|
|a 553.06
|v 4
|
| 702 |
|
1 |
|a Поляков
|b Г. В.
|4 340
|
| 712 |
0 |
2 |
|a Академия наук СССР (АН СССР)
|b Сибирское отделение (СО)
|b Институт геологии и геофизики (ИГиГ)
|c (Новосибирск)
|2 stltpush
|3 (RuTPU)RU\TPU\col\128
|
| 801 |
|
1 |
|a RU
|b 63413507
|c 20140225
|
| 801 |
|
2 |
|a RU
|b 63413507
|c 20180126
|g RCR
|
| 942 |
|
|
|c BK
|